000 00703nam a2200265Ia 4500
003 OSt
005 20221006151135.0
006 a|||||r|||| 00| 0
007 ta
008 221006b |||||||| |||| 00| 0 jpn d
020 _c¥1020 (Total)
024 _a21,073
037 _bGift, Japan Foundation
_cTextual
040 _aEASL
_cEASL
_bjpn
041 _2jpn
_ajpn
082 _a1008272
100 _aKINO Kazuyoshi
_9646930
245 0 _aMeiso retsuden, 2- 4
260 _aTokyo
_bKadokawa Bunko Japan
_c1983
300 _a280p.
_ccm.
490 _v V.1JL
650 _aJL
942 _h1008272
_cTEXL
_2CC
999 _c1089159
_d1089159